|
|
|
|
| LEADER |
00000cam a22000004a 4500 |
| 001 |
musev2_48099 |
| 003 |
MdBmJHUP |
| 005 |
20230905045011.0 |
| 006 |
m o d |
| 007 |
cr||||||||nn|n |
| 008 |
160923s2016 mau o 00 0 eng d |
| 020 |
|
|
|a 9780262336222
|
| 020 |
|
|
|z 0262034956
|
| 020 |
|
|
|z 9780262034951
|
| 020 |
|
|
|z 0262336227
|
| 035 |
|
|
|a (OCoLC)958984460
|
| 040 |
|
|
|a MdBmJHUP
|c MdBmJHUP
|
| 100 |
1 |
|
|a Dauvergne, Peter,
|e author.
|
| 245 |
1 |
0 |
|a Environmentalism of the Rich /
|c Peter Dauvergne.
|
| 264 |
|
1 |
|a Cambridge, MA :
|b The MIT Press,
|c 2016.
|
| 264 |
|
3 |
|a Baltimore, Md. :
|b Project MUSE,
|c 2016
|
| 264 |
|
4 |
|c ©2016.
|
| 300 |
|
|
|a 1 online resource (232 pages).
|
| 336 |
|
|
|a text
|b txt
|2 rdacontent
|
| 337 |
|
|
|a computer
|b c
|2 rdamedia
|
| 338 |
|
|
|a online resource
|b cr
|2 rdacarrier
|
| 490 |
0 |
|
|a The MIT Press Ser.
|
| 505 |
0 |
|
|a Acknowledgments -- 1. Introduction: Is Environmentalism Failing? -- I. Global Unsustainability. 2. Sailing into the Anthropocene -- 3. By No Means Pleasant -- 4. The Business of More -- 5. Consuming the Earth -- 6 Gambling with the Future -- II. Global Environmentalism. 7. The Rise of Environmentalism -- 8. Fighting for the Rainforests -- 9. Radicals and Rebels -- 10. Mindbombing the Wealthy -- 11. Million Dollar Pandas -- 12. Conclusion: The Allure and Iluusion of Riches -- Notes -- Further Readings -- Index.
|
| 520 |
|
|
|a What it means for global sustainability when environmentalism is dominated by the concerns of the affluent -- eco-business, eco-consumption, wilderness preservation.
|
| 588 |
|
|
|a Description based on print version record.
|
| 650 |
|
7 |
|a Environmentalism
|x Economic aspects.
|2 fast
|0 (OCoLC)fst00913545
|
| 650 |
|
7 |
|a Environmental degradation
|x Economic aspects.
|2 fast
|0 (OCoLC)fst00912880
|
| 650 |
|
7 |
|a Consumption (Economics)
|x Environmental aspects.
|2 fast
|0 (OCoLC)fst00876458
|
| 650 |
|
7 |
|a BUSINESS & ECONOMICS
|x Real Estate
|x General.
|2 bisacsh
|
| 650 |
|
6 |
|a Environnement
|x Degradation
|x Aspect economique.
|
| 650 |
|
6 |
|a Environnementalisme
|x Aspect economique.
|
| 650 |
|
0 |
|a Consumption (Economics)
|x Environmental aspects.
|
| 650 |
|
0 |
|a Environmental degradation
|x Economic aspects.
|
| 650 |
|
0 |
|a Environmentalism
|x Economic aspects.
|
| 655 |
|
7 |
|a Electronic books.
|2 local
|
| 710 |
2 |
|
|a Project Muse.
|e distributor
|
| 830 |
|
0 |
|a Book collections on Project MUSE.
|
| 856 |
4 |
0 |
|z Texto completo
|u https://projectmuse.uam.elogim.com/book/48099/
|
| 945 |
|
|
|a Project MUSE - Custom Collection
|
| 945 |
|
|
|a Project MUSE - 2016 Complete
|
| 945 |
|
|
|a Project MUSE - 2016 Political Science and Policy Studies
|